00474nam a2200181Ia 4500001000700000003000500007008004100012010001100053020001800064040000900082082001600091100001800107245005300125260003700178300001100215503001700226650004900243Z_4754CHAP220113s1993 xx 000 0 und d a167804 a0-07-881897-4 cCHAP a001.6424 J6 aJones, Edward aFoxpro 2.5 for dos made easy /cby Edward Jones aBerkeley :bMc Graw-Hill,c1993 a714 p. aej.1: 173680 aFox Pro (Programación) I. Sotonin, Shelley